000 02150cam a22004814i 4500
003 PE-LiUPU
005 20250731173105.0
008 150706s2010 pe a r 000 0 d
020 _a
020 _a
035 _a(Sirsi) a249434
040 _aPE-LiUPU
_bspa
_cPE-LiUPU
_erda
049 _aPRUA
082 0 4 _a230
_bY78
_221
100 1 _aYounker, Randall W.
_eautor.
245 1 3 _aLa Creación de Dios :
_bExplorando el relato del Génesis /
_cRandall W. Younker.
264 1 _aArgentina :
_bAsociación Casa Editora Sudamericana,
_c1999.
300 _a140 páginas ;
_c20 centímetros.
336 _atext
_2rdacontent
337 _aunmediated
_2rdamedia
338 _avolume
_2rdacarrier
505 0 _aDios el Creador -- Los dos libros de Dios: Las Escrituras y la naturaleza -- Pero. ¿ocurrió eso realmente? -- La creación en seis días -- Una creación reciente -- Una mirada más de cerca al relato de la creación: ¿Hay contradicciones entre Génesis 1 y 2? -- El paraíso perdido: El impacto de la caída sobre la creación -- ¿Muerte antes del pecado? -- La creación y el diluvio -- El Diseñador Maestro -- El poder de Dios en la naturaleza -- El sábado y la redención en la creación -- La re-creación de Dios: La Tierra hecha nueva
526 _aSEG42
526 _aSEG41
526 _aSEG40
526 _aSEG39
526 _aP94
526 _aP87
526 _aP86
526 _aP85
526 _aP77
526 _aP76
526 _aP35
630 0 4 _aBiblia.
_pA.T.
_pGénesis, I-XI
_vCrítica, interpretación, etc.
650 1 4 _aCreación
_xEnseñanza bíblica.
942 _2ddc
_cBOOK
949 _a230 Y78 1999
_wLC
_c1
_iCW00578
_lCIAE5
_mBWL
_p10.00
_r1
_sY
_tBOOK
_u2018-07-30
_xWHITE
_zUNKNOWN
_0COMPRA
_o.STAFF. Centro White
949 _a230 Y78 1999
_wLC
_c1
_iCW00578
_lCIAE5
_mBWL
_p10.00
_r1
_sY
_tBOOK
_u2018-07-30
_xWHITE
_zUNKNOWN
_0COMPRA
_o.STAFF. Centro White
994 _aC0
_bPEPRU
596 _a1
999 _a230 Y78 1999
_wLC
_c28995
_iCW00578
_mBUL
_p10.00
_r0
_sY
_tBOOK
_u2018-7-30
_xWHITE
_o.STAFF. Centro White
_d28995
980 _81
_gALBERTO SANCHEZ Responsable de Automatización